000 00966nam a2200289 4500
001 32938
003 BD-RjUL
005 20211209051923.0
008 140429s1969 uk b 001 0 eng
035 _a(BD-RjUL)33028
040 _aDLC
_cDLC
_dDLC
_dBD-RjUL
_beng
041 _aeng
082 0 0 _a294.542
_bZAH 1960
100 1 _aZaehner, R. C.
_q(Robert Charles),
_d1913-1974.
_999004
245 1 0 _aHindu and Muslim mysticism /
_cby R. C. Zaehner.
260 _aLondon :
_bThe athlone press,
_c c1960.
300 _aviii, 234 p. ;
_c21 cm.
350 _a2.45
500 _a"Consists of eight lectures delivered (in a slightly abridged form) in May 1959 at the School of Oriental and African Studies in the University of London."
504 _aBibliographical footnotes.
504 _aIncludes index.
650 0 _aMysticism
_zIndia.
_994227
650 0 _aMysticism
_xIslam.
_962775
942 _2ddc
_cBK
999 _c32938
_d32938